000 01035cam a22003137a 4500
001 2920
005 20250130113615.0
020 _a9780439889926
040 _aWDG
_cWDG
_dDLC
_beng
050 0 0 _aHD8039.F5
082 0 0 _a628.925
100 1 _aDaynes Katie
245 1 0 _aFirefighters /
_cKatie Daynes ; designed by Katrina Fearn and Josephine Thompson ; illustrated by Christyan Fox.
250 _aFirst Scholastic printing, September 2006
260 _aNew York :
_bScholastic,
_c 2004
300 _a32 pages :
_bcolor illustrations ;
_c21 cm.
490 _a Usborne Beginners
_vBook 1
505 _aN
520 _aDescribes the training, equipment, and work of a firefighter.
521 _a570
_bLexile
521 _aN
_bRaz-Plus
650 0 _aFire fighters
_vJuvenile literature.
650 0 _aFire extinction
_vJuvenile literature.
700 1 _aFearn, Katrina.
700 1 _aThompson, Josephine.
700 1 _aFox, Christyan.
906 _a7
_bcbc
_ccopycat
_d2
_encip
_f20
_gy-gencatlg
942 _2ddc
_cBK
_n0
999 _c2920
_d2920